000
00304nam a22001217a 4500
008
131128t xxu||||| |||| 00| 0 eng d
020
_a
978-0-85404-256-2
040
_a
ASAB
_c
ASAB
100
_a
Michael L Sinnott
_9
327
245
_a
Carbohydrate Chemistry and Biochemistry
300
_a
340
942
_2
ddc
_c
BK
999
_c
16593
_d
16593